logo

Bir Sreshtho Munshi Abdur Rouf Library
Jhenaidah Cadet College

Schaum's outline of theory and problems of programming with Fortran : (Record no. 128)

MARC details
000 -LEADER
fixed length control field 00810nam a2200265 a 4500
001 - CONTROL NUMBER
JCCL Control Number 128
003 - CONTROL NUMBER IDENTIFIER
JCCL marc code BD-JhCC
005 - DATE AND TIME OF LATEST TRANSACTION
control field 20170929172705.0
008 - FIXED-LENGTH DATA ELEMENTS--GENERAL INFORMATION
fixed length control field 170929s1978 si |||| |||| 001 0 eng d
020 ## - INTERNATIONAL STANDARD BOOK NUMBER
International Standard Book Number 0070990336
035 ## - SYSTEM CONTROL NUMBER
system control number (BD-JhCC)128
040 ## - CATALOGING SOURCE
Original cataloging agency BD-JhCC
Modifying agency BD-JhCC
041 ## - LANGUAGE CODE
Language code of Book eng
082 ## - DEWEY DECIMAL CLASSIFICATION NUMBER
DDC Edition number 22
Classification number 005.133
Author mark and Year LIP 1978
100 ## - MAIN ENTRY--PERSONAL NAME
Personal name Lipschutz, Seymour.
245 ## - TITLE STATEMENT
Title Schaum's outline of theory and problems of programming with Fortran :
Remainder of title including structured Fortran /
Statement of responsibility, etc Seymour Lipschutz and Arthur Poe
260 ## - PUBLICATION, DISTRIBUTION, ETC. (IMPRINT)
Place of publication, distribution, etc Singapore :
Name of publisher, distributor, etc Mcgraw-Hill book company
Date of publication, distribution, etc c1978.
300 ## - PHYSICAL DESCRIPTION
Pagination 314 p. :
Dimensions 26 cm.
490 ## - SERIES STATEMENT
Series statement Schaum's outline series.
504 ## - BIBLIOGRAPHY, ETC. NOTE
Bibliography, etc Includes Index.
650 ## - SUBJECT ADDED ENTRY--TOPICAL TERM
Topical term or geographic name as entry element FORTRAN (Computer program language)
700 ## - ADDED ENTRY--PERSONAL NAME
Personal name Poe, Arthur.
942 ## - ADDED ENTRY ELEMENTS (KOHA)
Source of classification or shelving scheme Dewey Decimal Classification
Koha item type Reference
Holdings
Source of classification or shelving scheme Damaged status Not for loan Home library Current library Shelving location Date of accession Cost, normal purchase price Total Checkouts Full call number Barcode Date last seen Copy number Koha item type
Dewey Decimal Classification     JCC Rouf Library JCC Rouf Library General Stacks 09/29/2017 200.00   005.133 LIP 1978 385 09/29/2017 C-1 Reference

JCC Library | Contacts | JCC Home

Last Update on 23 September 2017
Copyright @ 2017-2020 JCC Rouf Library
Rouf Library, Jhenidah Cadet College (JCC), Bangladesh